The Dead Sea scrolls : a reappraisal /

محفوظ في:

المؤلف الرئيسي: Allegro, John Marco, 1923- (مؤلف)

التنسيق: كتاب

اللغة: English

منشور في: Harmondsworth, Middlesex : Penguin Books, 1964 (1990 printing)

الطبعة: 2nd ed.

سلاسل: Pelican books.

الموضوعات:

الوسوم: إضافة وسم

لا توجد وسوم, كن أول من يضع وسما على هذه التسجيلة!

رقم الطلب: BM487 .A4 1990

LEADER 00735nam a2200253Ia 4500
001 4286
003 OSt
005 20251014071615.0
008 130303s1990 enka b 000 0 eng d
020 |a 9780140134575 
035 |a ocm11597445 
040 |c ARCE Library 
050 4 |a BM487 .A4 1990 
100 1 |a Allegro, John Marco,  |d 1923-  |e author  |9 25174 
245 1 4 |a The Dead Sea scrolls :  |b a reappraisal /  |c John Allegro. 
250 |a 2nd ed. 
264 1 |a Harmondsworth, Middlesex :   |b Penguin Books,  |c 1964 (1990 printing) 
300 |a 207 pages :   |b illustrations ;   |c 20 cm. 
490 0 |a Pelican books. 
504 |a Bibliography : pages 196-197. 
630 0 0 |a Dead Sea scrolls. 
901 |a reviewed 
942 |c BK  |2 lcc 
999 |c 868  |d 868